Statistics for Widely Known German and French Words

Click here to take the quiz!

General Stats

  • This quiz has been taken 80 times
  • The average score is 15 of 16

Answer Stats

% Correct
EinUnA
100%
NeinNonNo
100%
GutenBienGood
99%
IchJeI
99%
DankeMerciThanks
99%
JaOuiYes
99%
SanitaterDocteurDoctor
97%
LiebeAmourLove
96%
WasserEauWater
96%
BinSuisAm
95%
HundChienDog
95%
KatzeChatCat
93%
TagJourneeDay
93%
BrotPainBread
91%
AchtungDangerDanger
91%
JungeGarconBoy
86%

Score Distribution

Percentile by Number Answered

Percent of People with Each Score

Your Score History

You have not taken this quiz